Mujeres, mística y política: La experiencia de Dios que implica y complica

Gardado en:
Detalles Bibliográficos
Autor Principal: Bara Bancel, Silvia (editora)
Formato: Libro
Idioma:Lingua castelá
Publicado: Estella(Navarra), España: Verbo Divino, 2016
Series:Aletheia
Subjects:
Tags: Engadir etiqueta
Sen Etiquetas, Sexa o primeiro en etiquetar este rexistro!

MARC

LEADER 00000cam a2200000 a 4500
001 UCC2583
003 CL-VaPUC
005 20211216085535.0
008 180309e20160000sp |||||||||||||||||spa|d
999 |c 370645  |d 370643 
020 |a 9788490732816 
040 |c Pontificia Universidad Católica de Valparaíso 
082 0 4 |a 270.08 BAR 2016  |2 21 
100 0 |a Bara Bancel, Silvia  |e editora  |9 596644 
245 1 0 |a Mujeres, mística y política:   |b La experiencia de Dios que implica y complica 
260 |a Estella(Navarra), España:   |b Verbo Divino,  |c 2016 
300 |a 267 páginas  
490 0 |a Aletheia 
583 |a last modification  |c 20180309 22:06:00  |k Rodrigo Vera 
650 0 |a Mujeres en el cristianismo   |2 CL-VaPUC  |9 319961 
650 0 |a Teología cristiana  |9 308336 
852 |a BIBCUR 
942 |c BK  |2 ddc 
945 |d 20180309 22:06:00  |a arojas 
952 |0 0  |1 0  |3 erb  |4 0  |6 270_080000000000000_BAR_2016  |7 0  |8 A  |9 487216  |a BIBTEO  |b BIBTEO  |i 5453313  |l 1  |m 1  |o 270.08 BAR 2016  |p 5453313  |r 2025-01-17  |s 2024-04-04  |w 2019-11-24  |y BK  |z Catalogado en:20180309  |k ICR 
952 |0 0  |1 0  |2 ddc  |4 0  |6 270_080000000000000_BAR_2016  |7 0  |8 A  |9 576997  |a BIBTEO  |b BIBTEO  |d 2020-11-24  |e 3  |g 26414.00  |i 5578361  |o 270.08 BAR 2016  |p 5578361  |r 2025-01-17  |t 2  |v 26414.00  |w 2020-11-24  |y BK  |k ICR 
952 |0 0  |1 0  |2 ddc  |4 0  |6 270_080000000000000_BAR_2016  |7 0  |8 A  |9 577386  |a BIBTEO  |b BIBTEO  |d 2020-12-30  |e 3  |g 28527.00  |i 5581435  |o 270.08 BAR 2016  |p 5581435  |r 2025-01-17  |t 3  |v 28527.00  |w 2020-12-30  |y BK  |k ICR